| 000 | 02430nam0a2200409 4500 | ||
|---|---|---|---|
| 001 | RU\NLR\BIBL_A\022622446 | ||
| 005 | 20260420053427.0 | ||
| 010 |
_a978-5-6050996-9-7 _9300 |
||
| 021 |
_aRU _bКН-П-25-044391 _9КН-П-25-4317 |
||
| 035 | _a(NLR Aleph) 022622446 | ||
| 090 |
_a13684325 _c13684325 |
||
| 100 | _a20250916d2025 k y0rusy50 ca | ||
| 101 | 0 | _arus | |
| 102 | _aRU | ||
| 105 | _aa|||z|||000yy | ||
| 181 | 0 |
_ai3 _baxxe |
|
| 182 | 0 | _an | |
| 200 | 1 |
_aВысокоскоростное взаимодействие гетерогенных материалов _eмонография _fВ. М. Фомин, Е. И. Краус, И. И. Шабалин [и др.] _gответственный редактор: академик РАН В. М. Фомин _gРоссийская академия наук, Сибирское отделение, Институт теоретической и прикладной механики им. С. А. Христиановича |
|
| 203 |
_aТекст _bвизуальный _cнепосредственный |
||
| 210 |
_aНовосибирск _cСибирское отделение РАН _d2025 |
||
| 215 |
_a435, [1] с. _cил., табл., цв. ил. _d25 |
||
| 300 | _aАвт. указаны на обороте тит. с. в макете | ||
| 320 | _aБиблиогр.: с. 393-432 (685 назв.) | ||
| 606 | 1 |
_aТвердые тела _xСоударение высокоскоростное _92210909 _3RU\NLR\AUTH\661328124 |
|
| 606 | 1 |
_aТвердые тела _xРазрушение при ударе _91981531 _3RU\NLR\AUTH\661195068 |
|
| 606 | 1 |
_aУдарные волны _xРаспространение в неоднородных средах _91825060 _3RU\NLR\AUTH\661117036 |
|
| 686 | 1 | _aВ251.197 | |
| 686 | 1 | _aВ251.196.4 | |
| 701 | 1 |
_7ca _8rus _aФомин _bВ. М. _cд-р физ.-мат. наук _f1940- _gВасилий Михайлович _9126092 _3RU\NLR\AUTH\7716452 |
|
| 701 | 1 |
_aКраус _bЕ. И. _gЕвгений Иванович |
|
| 701 | 1 |
_aШабалин _bИ. И. _gИван Иванович |
|
| 712 | 0 | 2 |
_4570 _aИнститут теоретической и прикладной механики им. С. А. Христиановича _cНовосибирск _9433558 _3RU\NLR\AUTH\889968579 |
| 942 | _cBOOK | ||
| 980 | _aNB | ||